World Capitals Closest to Vatican City - Statistics

General Stats
  • This quiz has been taken 346 times
  • The average score is 15 of 20
Answer Stats
km capital miles % Correct
2 Rome 1
99%
689 Bern 428
89%
226 San Marino 141
89%
765 Vienna 475
85%
518 Zagreb 322
85%
460 Monaco 286
80%
530 Sarajevo 329
80%
490 Ljubljana 305
79%
809 Budapest 503
73%
614 Tirana 382
73%
691 Valletta 429
73%
719 Belgrade 447
71%
562 Podgorica 349
70%
629 Vaduz 391
70%
784 Bratislava 487
67%
720 Pristina 448
67%
601 Tunis 374
67%
741 Skopje 460
64%
896 Sofia 557
63%
905 Andorra la Vella 562
51%
No matching quizzes found
Score Distribution
Percent of People with Each Score
Percentile by Number Answered
Your Score History
You have not taken this quiz